| 000 | 00773nam a22001937a 4500 | ||
|---|---|---|---|
| 999 |
_c5231 _d5231 |
||
| 003 | AR-CdUCM | ||
| 008 | 190312b ||||| |||| 00| 0 spa d | ||
| 040 |
_aMUNICIPALIDAD PROVINCIAL DEL CUSCO _cBIBLIOTECA MUNICIPAL DEL CUSCO |
||
| 082 |
_a461 / _bOR74 |
||
| 100 |
_aOrtiz Dueñas, Teodoro _915857 |
||
| 245 | _aNormas y prácticas de la ortografía castellana / | ||
| 260 |
_aLima : _bUniversidad Nacional Mayor de San Marcos, _c1966. |
||
| 300 |
_a358 páginas ; _c21 cm. |
||
| 505 | _aContenido: La ortografía y su relación co puntos importantes de la gramática -- Ortografía de la palabra -- Ortografía de la frase -- Ortografía de los fonemas. | ||
| 650 |
_aOrtografía castellana _915858 |
||
| 650 |
_aGramática _99175 |
||
| 942 |
_2ddc _cLIBROS |
||
| 945 | _azta | ||